000 00295nam a2200085Ia 4500
245 0 _aThe return of the king : being the third part of The lord of the Rings
100 _a TOLKIEN, J R R. London, 2003 Film tie-in edition
_979560
942 _cBK
008 210817s9999 xx 000 0 und d
999 _c277724
_d277723